[Event "IND-chB (Women) 38th"]
[Site "Chennai"]
[Date "2011.07.02"]
[Round "1"]
[White "Akshaya, A."]
[Black "Tasneem, SK."]
[Result "1-0"]
[WhiteElo "1966"]
[BlackElo "1612"]
[PlyCount "75"]
[EventDate "2011.07.02"]
[EventType "swiss"]
[EventRounds "11"]
[EventCountry "IND"]
[SourceTitle "CBM 143 Extra"]
[Source "ChessBase"]
[SourceDate "2011.08.29"]
[SourceVersion "1"]
[SourceVersionDate "2011.08.29"]
[SourceQuality "1"]

1. e4 c5 2. Nf3 Nc6 3. Bb5 e6 4. 0-0 a6 5. Bxc6 bxc6 6. Re1 d5 7. e5 Ne7 8. d3 Ng6 9. Nc3 Be7 10. b3 f6 11. Bb2 0-0 12. Na4 fxe5 13. Nxe5 Nxe5 14. Bxe5 Rf5 15. f4 Bd6 16. Qd2 Qc7 17. Qe3 d4 18. Qe4 Bd7 19. g4 Rf7 20. Nxc5 Bxe5 21. Qxe5 Qd8 22. Nxd7 Qxd7 23. Re4 Rd8 24. Rf1 Re7 25. Rfe1 Qd6 26. f5 Qxe5 27. Rxe5 Rd6 28. fxe6 g6 29. Kg2 Kg7 30. R1e4 h6 31. h4 Kf8 32. Kf2 Ke8 33. h5 gxh5 34. gxh5 Rg7 35. a4 Re7 36. Kf3 Rg7 37. Rg4 Re7 38. Rg8# 1-0

[Event "IND-ch U15 Girls"]
[Site "New Delhi"]
[Date "2010.09.05"]
[Round "3"]
[White "Hema, Priya N"]
[Black "Tasneem, SK."]
[Result "0-1"]
[WhiteElo "1836"]
[BlackElo "1596"]
[PlyCount "166"]
[EventDate "2010.09.04"]
[EventType "swiss"]
[EventRounds "11"]
[EventCountry "IND"]
[SourceTitle "CBM 138 Extra"]
[Source "ChessBase"]
[SourceDate "2010.10.29"]
[SourceVersion "1"]
[SourceVersionDate "2010.10.29"]
[SourceQuality "1"]

1. d4 d5 2. c4 c6 3. Nf3 Nf6 4. g3 Bf5 5. Bg2 e6 6. 0-0 Nbd7 7. Nbd2 Be7 8. b3 0-0 9. Bb2 h6 10. Ne5 Qc7 11. Re1 Nxe5 12. dxe5 Nd7 13. e4 dxe4 14. Bxe4 Bxe4 15. Rxe4 Nc5 16. Re2 Rad8 17. Qc2 Nd3 18. Bc3 Rd7 19. Rd1 Rfd8 20. Re3 Qb6 21. Ne4 Nb4 22. Bxb4 Rxd1+ 23. Be1 Qd4 24. Nc3 Rd3 25. Re4 Qb6 26. Rf4 R8d4 27. Ne2 Rd8 28. Nc3 Bg5 29. Rg4 Bd2 30. Na4 Qa5 31. Bxd2 Rxd2 32. Qe4 Rd1+ 33. Kg2 Qe1 34. Qxe1 Rxe1 35. Nc5 b6 36. Re4 Ra1 37. Nb7 Rd7 38. Nd6 Rxa2 39. Kg1 f6 40. f4 fxe5 41. fxe5 Rd8 42. Rf4 Rf8 43. Re4 Rff2 44. Rh4 Rfe2 45. Kf1 Rxe5 46. Ne4 Rf5+ 47. Ke1 Rb2 48. Nd2 Re5+ 49. Kd1 a5 50. Rd4 b5 51. Rd6 Re3 52. Kc1 Ra2 53. Kb1 Rxd2 54. Rxd2 Rxb3+ 55. Ka2 Rc3 56. cxb5 cxb5 57. Re2 Kf7 58. Re5 Rc2+ 59. Kb1 Rxh2 60. Rxb5 Rg2 61. Rxa5 Rxg3 62. Kc2 g5 63. Kd2 Rf3 64. Ke2 Rf5 65. Ra7+ Kg6 66. Ra6 Kf6 67. Ra4 Rf4 68. Ra8 h5 69. Rf8+ Ke5 70. Rh8 h4 71. Rg8 Kf5 72. Rf8+ Kg4 73. Re8 Rf6 74. Ra8 e5 75. Ra4+ Rf4 76. Ra5 e4 77. Ke3 h3 78. Ra2 Kg3 79. Ra5 g4 80. Rh5 Rf3+ 81. Kxe4 h2 82. Rh6 Kg2 83. Rh4 h1Q 0-1

[Event "IND-ch U15 Girls"]
[Site "New Delhi"]
[Date "2010.09.05"]
[Round "2"]
[White "Tasneem, SK."]
[Black "Akshaya, Nandakumar"]
[Result "1-0"]
[WhiteElo "1596"]
[BlackElo "1798"]
[PlyCount "221"]
[EventDate "2010.09.04"]
[EventType "swiss"]
[EventRounds "11"]
[EventCountry "IND"]
[SourceTitle "CBM 138 Extra"]
[Source "ChessBase"]
[SourceDate "2010.10.29"]
[SourceVersion "1"]
[SourceVersionDate "2010.10.29"]
[SourceQuality "1"]

1. e4 e5 2. Nf3 Nc6 3. d4 exd4 4. Nxd4 Bc5 5. Be3 Qf6 6. c3 d6 7. Be2 Nge7 8. 0-0 0-0 9. Nxc6 Nxc6 10. Bxc5 dxc5 11. Qd5 b6 12. e5 Qh6 13. f4 Bb7 14. Qd7 Rac8 15. Na3 Rfd8 16. Qg4 Qg6 17. Rad1 Ne7 18. f5 Qxg4 19. Bxg4 Nd5 20. Nc2 b5 21. f6 Rb8 22. fxg7 Kxg7 23. Rf2 Bc6 24. Bh5 Rf8 25. Rd3 Ne7 26. Bg4 Ng6 27. e6 f6 28. Bf5 Rbe8 29. Re2 Nf4 30. Rg3+ Kh8 31. Re1 Bd5 32. e7 Rf7 33. Rg4 Ng6 34. Rxg6 hxg6 35. Bxg6 Rexe7 36. Bxf7 Rxe1+ 37. Nxe1 Bxf7 38. a3 Bc4 39. Kf2 Kg7 40. Ke3 Kg6 41. Kf4 Bf1 42. g3 Be2 43. Ng2 Bd3 44. Ne3 c6 45. Ng2 Kf7 46. Ne1 Bb1 47. Ke3 Ke6 48. Nd3 Kd5 49. h4 Ba2 50. h5 Kd6 51. Kf4 Bg8 52. g4 Bh7 53. Ke3 a5 54. b4 cxb4 55. cxb4 a4 56. Kd4 Bg8 57. Nc5 Bh7 58. Ne4+ Ke6 59. Nc5+ Kd6 60. Nb7+ Kc7 61. Nc5 Kd6 62. Nd3 Ke6 63. Nf4+ Kf7 64. Ng2 Ke6 65. Ne3 Bb1 66. Ng2 Bh7 67. Nf4+ Kf7 68. Ke3 Ke7 69. Ng6+ Kf7 70. Nf4 Ke7 71. Kd4 Kf7 72. Ne2 Ke6 73. Nf4+ Kf7 74. Ng2 Ke7 75. Kc5 Be4 76. Ne3 Ke6 77. Nf5 Bxf5 78. gxf5+ Kxf5 79. Kxc6 Kg5 80. Kxb5 f5 81. Kxa4 f4 82. b5 f3 83. b6 f2 84. b7 f1Q 85. b8Q Qa6+ 86. Kb4 Qf6 87. Qb5+ Kh6 88. Ka5 Qc3+ 89. Qb4 Qe5+ 90. Ka4 Qe8+ 91. Qb5 Qe4+ 92. Ka5 Qe1+ 93. Ka6 Qh1 94. Ka7 Qf3 95. a4 Qf7+ 96. Ka6 Qf3 97. Ka7 Qf7+ 98. Kb6 Qf2+ 99. Qc5 Qb2+ 100. Kc6 Qg2+ 101. Kd6 Qd2+ 102. Ke6 Qa2+ 103. Kf6 Qb2+ 104. Qe5 Qf2+ 105. Qf5 Qb6+ 106. Qe6 Qf2+ 107. Ke5+ Kg5 108. Qg6+ Kh4 109. Qf6+ Qxf6+ 110. Kxf6 Kxh5 111. a5 1-0